• 首页
  • 本馆介绍
  • 公告通知
  • 最新文献
  • 馆藏检索
  • 电子资源
  • 读者导购
  • 参考咨询
  • 我的图书馆
  • 登录
  • 详细信息显示
  • 放入我的书架
  • 预约/预借图书
  • 作者相关作品
  • 分类相关作品
  • 丛书相关作品
  • 出版社相关作品

书目信息

  • 表格格式
  • 工作单格式
  • 卡片格式
题名:
当代中国的航空工业
    
 
作者: 段子俊 主编
分册:  
出版信息: 北京   中国社会科学出版社  1988.12
页数: 721页
开本: 20cm
丛书名:
单 册:
中图分类: V2
科图分类:
主题词: 航空
电子资源:
ISBN:
000 00543nam0 2200193 45
001 0312221749
005 20031222170903.1
010    @dCNY13.80
100    @a20031222d1988 km y0chiy0120 ea
101    @achi
105    @a z 000yy
200 1  @a当代中国的航空工业@ADang Dai Zhong Guo De Hang Kong Gong Ye@f段子俊主编@FDuan Zi Jun Zhu Bian
210    @a北京@c中国社会科学出版社@d1988.12
215    @a721页@d20cm
606 0  @a航空
690    @aV2@v3
701 0  @a段子俊@4主编
801    @aCN@bTSTCL@c20031222
905    @a213230@dV2@e8@b220233@f1
    
    当代中国的航空工业/段子俊主编.-北京:中国社会科学出版社,1988.12
    721页;20cm
    
    
    ISBN :CNY13.80
    
●
相关链接 在E读中查询图书 在五车中查询图书 在当当中查询图书 在豆瓣中查询图书


正题名:当代中国的航空工业     索取号:V2/8         预约/预借

序号 登录号 条形码 馆藏地/架位号 状态 备注
1 0220233   000561984   第二样本阅览室/ [索取号:V2/8] 在馆    
唐山师范学院图书馆 欢迎您!
大连网信软件有限公司© 版权所有